000 00369nam a22001577a 4500
003 OSt
008 220615b ||||| |||| 00| 0 eng d
020 _a9789385880568
082 _a005.8 BOI
100 _aBOSE, Ranjan
245 _aInformation Theory Coding and Cryptography
250 _a3rd
260 _aNew Delhi
_bTMH
_c2021
300 _a463
942 _2ddc
_cBK
999 _c11392
_d11392